00549nam a2200181Ia 450000500170000000800410001702000180005804000180007604100080009408200220010210000150012424501050013925000120024426000380025630000120029465000320030665000290033820220527141418.0210716s2007 xx 000 0 und d a9780749451684 cAIMIT LIBRARY aeng a658.827 21bFLOK aFloor, Ko. aBranding a store :bhow to build successful retail brands in a changing market place /cBy Ko Floor. a1st ed. aNew Delhi :bKogan Page ,c2007 . a360p. ; aRetail brand communications aRetail brand positioning